International political economy : perspectives on global power and wealth / (Record no. 9234)

000 -LEADER
fixed length control field 00513nam a2200157Ia 4500
008 - FIXED-LENGTH DATA ELEMENTS--GENERAL INFORMATION
fixed length control field 201231s9999 xx 000 0 und d
020 ## - INTERNATIONAL STANDARD BOOK NUMBER
International Standard Book Number 0415120470
100 ## - MAIN ENTRY--PERSONAL NAME
Personal name Frieden, Jeffry A. and Lake, David A.
9 (RLIN) 4561
245 #0 - TITLE STATEMENT
Title International political economy : perspectives on global power and wealth /
250 ## - EDITION STATEMENT
Edition statement 3rd ed.
260 ## - PUBLICATION, DISTRIBUTION, ETC. (IMPRINT)
Place of publication, distribution, etc London
Name of publisher, distributor, etc Routledge
Date of publication, distribution, etc 1995
300 ## - PHYSICAL DESCRIPTION
Extent 546p.
650 #0 - SUBJECT ADDED ENTRY--TOPICAL TERM
Topical term or geographic name as entry element International Economics
700 ## - ADDED ENTRY--PERSONAL NAME
9 (RLIN) 4562
Personal name Lake, David A.
942 ## - ADDED ENTRY ELEMENTS (KOHA)
Item type Books
Source of classification or shelving scheme
Holdings
Withdrawn status Lost status Damaged status Not for loan Permanent location Date acquired Full call number Barcode Date last seen Koha item type
        IMU Kolkata 2020-12-31 337 F8996 PM04643 2020-12-31 Books
Designed and Maintained by IMU-KC Library, Kolkata Campus © Copyright All Rights Reserved

webs counters

Powered by Koha